Statistics for Leader by Picture (Multiple Choice)

Click here to take the quiz!

General Stats

  • This quiz has been taken 29 times
  • The average score is 8 of 15

Answer Stats

QuestionAnswer% Correct
Shaka
76%
Justinian the Great
76%
Ulysses S. Grant
72%
Kublai Khan
68%
Mary I of England
68%
Mansa Musa
64%
Julius Caesar
56%
Vlad the Impaler
56%
Pericles
56%
Ramesses the Great
52%
Pierre Trudeau
52%
Aurangzeb
44%
Oda Nobunaga
32%
Pachacuti
28%
Cyrus the Great
24%

Score Distribution

Percentile by Number Answered

Percent of People with Each Score

Your Score History

You have not taken this quiz